书目信息 |
| 题名: |
儿童逆反心理学
|
|
| 作者: | 珊瑚海 著 | |
| 分册: | ||
| 出版信息: | 成都 四川科学技术出版社 2018 |
|
| 页数: | 212页 | |
| 开本: | 24cm | |
| 丛书名: | 儿童心理学系列 | |
| 单 册: | ||
| 中图分类: | B844.1 , G78 | |
| 科图分类: | ||
| 主题词: | 儿童心理学--er tong xin li xue--通俗读物 , 儿童教育--er tong jiao yu--家庭教育--教育心理学 | |
| 电子资源: | ||
| ISBN: | 978-7-5364-9068-0 | |
| 000 | 00836nam 2200277 450 | |
| 001 | 012001003753 | |
| 005 | 20131014110225.0 | |
| 010 | @a978-7-5364-9068-0@dCNY42.00 | |
| 099 | @aCAL 012019029757 | |
| 100 | @a20180814d2018 em y0chiy50 ea | |
| 101 | 0 | @achi |
| 102 | @aCN@b510000 | |
| 105 | @aa z 000yy | |
| 106 | @ar | |
| 200 | 1 | @a儿童逆反心理学@Aer tong ni fan xin li xue@f珊瑚海著 |
| 210 | @a成都@c四川科学技术出版社@d2018 | |
| 215 | @a212页@c图@d24cm | |
| 225 | 2 | @a儿童心理学系列@Aer tong xin li xue xi lie |
| 410 | 0 | @12001 @a儿童心理学系列 |
| 606 | 0 | @a儿童心理学@Aer tong xin li xue@j通俗读物 |
| 606 | 0 | @a儿童教育@Aer tong jiao yu@x家庭教育@x教育心理学 |
| 690 | @aB844.1@v5 | |
| 690 | @aG78@v5 | |
| 701 | 0 | @a珊瑚海@Ashan hu hai@4著 |
| 801 | @b江苏凤凰@c20191020 | |
| 905 | @b1233813-8@dB844.1@e3311@f6 | |
| 儿童逆反心理学/珊瑚海著.-成都:四川科学技术出版社,2018 |
| 212页:图;24cm.-(儿童心理学系列) |
| ISBN 978-7-5364-9068-0:CNY42.00 |
| ● |
| 相关链接 |
|
|
|
|
正题名:儿童逆反心理学
索取号:B844.1/3311
 
预约/预借
| 序号 | 登录号 | 条形码 | 馆藏地/架位号 | 状态 | 备注 |
| 1 | 1233813 | 212338139 | 第一样本阅览室/ [索取号:B844.1/3311] | 在馆 | |
| 2 | 1233814 | 212338148 | 第一借阅区/ [索取号:B844.1/3311] | 在馆 | |
| 3 | 1233815 | 212338157 | 第一借阅区/ [索取号:B844.1/3311] | 在馆 | |
| 4 | 1233816 | 212338166 | 教育系资料室/ [索取号:B844.1/3311] | 在馆 | |
| 5 | 1233817 | 212338175 | 教育系资料室/ [索取号:B844.1/3311] | 在馆 | |
| 6 | 1233818 | 212338184 | 教育系资料室/ [索取号:B844.1/3311] | 在馆 |